MENTAL ILLNESSES THERAPY AND IMPLICATIONS (Record no. 19789)

MARC details
000 -LEADER
fixed length control field 00370nam a22001577a 4500
003 - CONTROL NUMBER IDENTIFIER
control field SGT
020 ## - INTERNATIONAL STANDARD BOOK NUMBER
International Standard Book Number 978-1-6324-2-275-0
082 ## - DEWEY DECIMAL CLASSIFICATION NUMBER
Classification number 616.89
Item number M15D
100 ## - MAIN ENTRY--PERSONAL NAME
Personal name DALVI, JOHN
245 ## - TITLE STATEMENT
Title MENTAL ILLNESSES THERAPY AND IMPLICATIONS
250 ## - EDITION STATEMENT
Edition statement 1ST
260 ## - PUBLICATION, DISTRIBUTION, ETC. (IMPRINT)
Place of publication, distribution, etc NEW JERSEY
Name of publisher, distributor, etc FOSTER ACADEMIC PRESS
Year of Publication 2015
300 ## - PAGE DESCRIPTION
No. of Pages 218
650 ## - SUBJECT ADDED ENTRY--TOPICAL TERM
Topical term or geographic name as entry element PSYCHIATRIC
942 ## - ADDED ENTRY ELEMENTS (KOHA)
Source of classification or shelving scheme Dewey Decimal Classification
Koha item type Books

No items available.